Six Letter Words A-Z #2 - Statistics

General Stats
  • This quiz has been taken 62 times
  • The average score is 16 of 26
Answer Stats
clue word % Correct
A very nearly almost
91%
T three times thrice
89%
C islands which are not named after the bird Canary
82%
B Japanese dwarfed shrubs bonsai
80%
R what every airport has runway
80%
H small village hamlet
76%
I turn upside-down invert
76%
E the book before Leviticus Exodus
73%
M fertilizer made from animal dung manure
73%
V color violet
73%
Y young, ambitous professional yuppie
71%
Z semi-precious, diamond-like, gem zircon
71%
U helpful; beneficial useful
69%
D second-in-command deputy
67%
W where rabbits live warren
67%
L seawater encircled by an atoll lagoon
65%
G South American cowboy gaucho
60%
F six feet, aka 1.83 metres fathom
56%
N French-sounding confectionary nougat
56%
J wild dog from Asia and Africa jackal
53%
P an outcast pariah
53%
Q a hunted animal quarry
49%
O generic term for a Russian province oblast
40%
K Japanese theater style from 17th century kabuki
36%
X surgical instrument for scraping bones xys{ter}
20%
S oar-propelled East Asian small boat sampan
18%
No matching quizzes found
Score Distribution
Percent of People with Each Score
Percentile by Number Answered
Your Score History
You have not taken this quiz